[Event "Ambalangoda Dhamso op 3rd"]
[Site "Ambalangoda"]
[Date "2013.02.24"]
[Round "7"]
[White "Madushanka, Harsha"]
[Black "Priya Panneer, Ramachandran"]
[Result "0-1"]
[WhiteElo "1852"]
[BlackElo "2186"]
[PlyCount "60"]
[EventDate "2013.02.21"]
[EventType "swiss"]
[EventRounds "9"]
[EventCountry "SRI"]
[SourceTitle "CBM 153 Extra"]
[Source "ChessBase"]
[SourceDate "2013.04.22"]
[SourceVersion "1"]
[SourceVersionDate "2013.04.22"]
[SourceQuality "1"]

1. e4 e5 2. Nf3 Nf6 3. Bc4 Nxe4 4. d3 Nf6 5. Nxe5 d5 6. Bb3 Bd6 7. Bf4 0-0 8. 0-0 c6 9. Nd2 Qc7 10. d4 Ng4 11. Ndf3 f6 12. Nxg4 Bxf4 13. Ne3 Be6 14. Re1 Nd7 15. c3 Rae8 16. Bc2 g6 17. Bd3 f5 18. Qc2 Nf6 19. g3 Bd6 20. Ng5 Kh8 21. Ng4 Ne4 22. Nxe6 Rxe6 23. Bxe4 dxe4 24. Ne3 f4 25. Nc4 e3 26. fxe3 fxg3 27. hxg3 Bxg3 28. Rf1 Ref6 29. Rxf6 Rxf6 30. Rf1 Bh2+ 0-1

[Event "Ambalangoda Dhamso op 3rd"]
[Site "Ambalangoda"]
[Date "2013.02.24"]
[Round "8"]
[White "Priya Panneer, Ramachandran"]
[Black "De Silva, Osheen"]
[Result "1-0"]
[WhiteElo "2186"]
[BlackElo "1914"]
[PlyCount "59"]
[EventDate "2013.02.21"]
[EventType "swiss"]
[EventRounds "9"]
[EventCountry "SRI"]
[SourceTitle "CBM 153 Extra"]
[Source "ChessBase"]
[SourceDate "2013.04.22"]
[SourceVersion "1"]
[SourceVersionDate "2013.04.22"]
[SourceQuality "1"]

1. e4 c5 2. Nf3 d6 3. d4 cxd4 4. Nxd4 Nf6 5. Nc3 a6 6. Be2 e5 7. Nb3 Be6 8. Be3 Nbd7 9. Qd3 b5 10. Nd5 Bxd5 11. exd5 Nb6 12. Bxb6 Qxb6 13. a4 b4 14. a5 Qb7 15. Qc4 Be7 16. Ra4 0-0 17. Rxb4 Qxd5 18. Qxd5 Nxd5 19. Rb7 Rac8 20. c3 Nc7 21. 0-0 Rfe8 22. Nd2 d5 23. b4 Nb5 24. Bxb5 axb5 25. Rxb5 Rxc3 26. Ra1 Rc2 27. a6 f6 28. a7 Rcc8 29. Rb7 e4 30. Rxe7 1-0

[Event "Commonwealth-ch"]
[Site "Chennai"]
[Date "2012.11.28"]
[Round "8"]
[White "Priya Panneer, Ramachandran"]
[Black "Sundararajan, Kidambi"]
[Result "0-1"]
[WhiteElo "2165"]
[BlackElo "2434"]
[PlyCount "70"]
[EventDate "2012.11.23"]
[EventType "swiss"]
[EventRounds "11"]
[EventCountry "IND"]
[SourceTitle "CBM 151 Extra"]
[Source "ChessBase"]
[SourceDate "2012.12.18"]
[SourceVersion "1"]
[SourceVersionDate "2012.12.18"]
[SourceQuality "1"]

1. e4 e6 2. d4 d5 3. e5 c5 4. c3 Nc6 5. Nf3 Bd7 6. a3 f6 7. Bd3 Qc7 8. Bf4 0-0-0 9. 0-0 h6 10. Bg3 f5 11. h4 Be8 12. b4 c4 13. Be2 Bh5 14. a4 g5 15. Na3 Qg7 16. Nd2 Bxe2 17. Qxe2 f4 18. Bh2 gxh4 19. Qh5 Nge7 20. Kh1 Rg8 21. Rg1 Nf5 22. Bxf4 Be7 23. Nc2 Bg5 24. Be3 Nce7 25. Qf3 Qg6 26. Ra2 Rdf8 27. Qe2 Ng3+ 28. fxg3 Nf5 29. Nf1 Bxe3 30. Ncxe3 hxg3 31. Nxf5 Rxf5 32. Nxg3 Qxg3 33. Rf1 Qh4+ 34. Kg1 Rh5 35. Qf3 Qh2+ 0-1

[Event "Commonwealth-ch"]
[Site "Chennai"]
[Date "2012.11.26"]
[Round "6"]
[White "Fominyh, Alexander"]
[Black "Priya Panneer, Ramachandran"]
[Result "1-0"]
[WhiteElo "2456"]
[BlackElo "2165"]
[PlyCount "105"]
[EventDate "2012.11.23"]
[EventType "swiss"]
[EventRounds "11"]
[EventCountry "IND"]
[SourceTitle "CBM 151 Extra"]
[Source "ChessBase"]
[SourceDate "2012.12.18"]
[SourceVersion "1"]
[SourceVersionDate "2012.12.18"]
[SourceQuality "1"]

1. d4 Nf6 2. Nf3 e6 3. c4 Nc6 4. a3 d6 5. Nc3 g6 6. d5 Nb8 7. e4 e5 8. Be2 Bg7 9. 0-0 0-0 10. Bg5 h6 11. Bh4 g5 12. Bg3 Nh5 13. Nd2 Nf4 14. Bg4 Nd7 15. f3 c6 16. Bf2 cxd5 17. cxd5 Nc5 18. Be3 Bd7 19. g3 Ng6 20. b4 Na6 21. Rc1 Ne7 22. Bxd7 Qxd7 23. Qa4 Qxa4 24. Nxa4 Rfc8 25. b5 Nc7 26. b6 Nb5 27. Nc4 Nd4 28. Kf2 Nb3 29. Rc3 Nd4 30. Rfc1 Rd8 31. Nd2 axb6 32. Nxb6 Ra6 33. Rb1 Kf8 34. a4 f5 35. Kg2 f4 36. Bf2 fxg3 37. hxg3 h5 38. Rc7 Ra7 39. Ndc4 Ke8 40. Rh1 g4 41. fxg4 hxg4 42. Rh7 Bf6 43. Be1 Nf3 44. Bb4 Ng5 45. Rh6 Nxe4 46. Nxd6+ Nxd6 47. Rxf6 Nef5 48. a5 e4 49. Re6+ Kf8 50. Rxe4 Rxa5 51. Nd7+ Rxd7 52. Rxd7 Rxd5 53. Re6 1-0

[Event "IND-ch (Women) 39th"]
[Site "Jalgaon"]
[Date "2012.10.31"]
[Round "8"]
[White "Pratyusha, Bodda"]
[Black "Priya Panneer, Ramachandran"]
[Result "1/2-1/2"]
[WhiteElo "2128"]
[BlackElo "2165"]
[PlyCount "159"]
[EventDate "2012.10.24"]
[EventType "swiss"]
[EventRounds "11"]
[EventCountry "IND"]
[SourceTitle "EXT 2013"]
[Source "ChessBase"]
[SourceDate "2012.11.22"]
[SourceVersion "1"]
[SourceVersionDate "2012.11.22"]
[SourceQuality "1"]

1. e4 e5 2. Nc3 Nf6 3. g3 Bc5 4. Bg2 Nc6 5. Nge2 a6 6. d3 d6 7. h3 0-0 8. 0-0 Be6 9. Nd5 Bxd5 10. exd5 Ne7 11. Bg5 Ng6 12. c4 h6 13. Bd2 Nd7 14. Kh2 f5 15. f4 exf4 16. Nxf4 Nxf4 17. gxf4 Bd4 18. Rb1 Qf6 19. b3 Rae8 20. Qf3 Qh4 21. Qg3 Qxg3+ 22. Kxg3 Nc5 23. Rbd1 Nxd3 24. Ba5 Bf2+ 25. Rxf2 Nxf2 26. Kxf2 b6 27. Bc3 Re7 28. Bf3 g6 29. b4 Rfe8 30. Bd4 Rb8 31. h4 Kh7 32. Rb1 Ree8 33. Rb3 Re7 34. Ra3 Ra8 35. c5 bxc5 36. bxc5 Ree8 37. cxd6 cxd6 38. Rc3 Re7 39. Rc6 Rd7 40. Be2 a5 41. a4 g5 42. Bd3 Kg6 43. hxg5 hxg5 44. fxg5 Kxg5 45. Rc1 Rb8 46. Be3+ Kf6 47. Bb5 Rdb7 48. Bf4 Rxb5 49. axb5 Rxb5 50. Rd1 Ke7 51. Ke3 a4 52. Bg5+ Kf7 53. Kd4 a3 54. Ra1 Rb4+ 55. Kc3 Rb5 56. Kc4 Rc5+ 57. Kd4 Ra5 58. Ra2 f4 59. Bh4 Kg6 60. Be1 Ra4+ 61. Kd3 Kf5 62. Bc3 f3 63. Ke3 Rc4 64. Bd4 Ra4 65. Bc3 Rc4 66. Kd3 Ra4 67. Be1 Ke5 68. Kc3 Kxd5 69. Kb3 Re4 70. Bf2 Re2 71. Rxe2 fxe2 72. Kxa3 Kc4 73. Kb2 Kd3 74. Be1 d5 75. Kc1 d4 76. Bf2 Kc3 77. Be1+ Kd3 78. Bf2 Ke4 79. Kd2 d3 80. Be1 1/2-1/2

[Event "IND-ch (Women) 39th"]
[Site "Jalgaon"]
[Date "2012.10.26"]
[Round "3"]
[White "Priya Panneer, Ramachandran"]
[Black "Swati, Mohota"]
[Result "1-0"]
[WhiteElo "2165"]
[BlackElo "2051"]
[PlyCount "59"]
[EventDate "2012.10.24"]
[EventType "swiss"]
[EventRounds "11"]
[EventCountry "IND"]
[SourceTitle "EXT 2013"]
[Source "ChessBase"]
[SourceDate "2012.11.22"]
[SourceVersion "1"]
[SourceVersionDate "2012.11.22"]
[SourceQuality "1"]

1. e4 d5 2. exd5 Qxd5 3. Nc3 Qd6 4. d4 Nf6 5. Nf3 c6 6. Ne5 Be6 7. Bf4 Nd5 8. Qd2 Nxf4 9. Qxf4 f6 10. Nd3 Na6 11. Qe3 Bf5 12. 0-0-0 0-0-0 13. d5 c5 14. Be2 g5 15. a4 h5 16. Nb5 Qb6 17. Ne5 fxe5 18. Qxe5 Bxc2 19. a5 Bg7 20. Qg3 Bxb2+ 21. Kxb2 Qf6+ 22. Kxc2 Nb4+ 23. Kb3 Qf4 24. Qxf4 gxf4 25. Bf3 Kb8 26. Rhe1 Rh7 27. Kc4 Na6 28. Re4 Rf8 29. Rde1 h4 30. Rxe7 1-0

[Event "Andorra op 30th"]
[Site "La Massana"]
[Date "2012.07.24"]
[Round "4"]
[White "Priya Panneer, Ramachandran"]
[Black "Alexandrova, Olga"]
[Result "0-1"]
[WhiteElo "2184"]
[BlackElo "2417"]
[PlyCount "48"]
[EventDate "2012.07.21"]
[EventType "swiss"]
[EventRounds "9"]
[EventCountry "AND"]
[SourceTitle "CBM 149 Extra"]
[Source "ChessBase"]
[SourceDate "2012.08.24"]
[SourceVersion "1"]
[SourceVersionDate "2012.08.24"]
[SourceQuality "1"]

1. e4 c5 2. Bc4 e6 3. Qe2 Nc6 4. c3 Nge7 5. Nf3 d5 6. exd5 Nxd5 7. 0-0 Be7 8. Bb5 Bd7 9. d4 cxd4 10. Bxc6 Bxc6 11. Nxd4 Bd7 12. Rd1 0-0 13. Nd2 a6 14. Ne4 Qc7 15. Ng5 Nf4 16. Qg4 e5 17. Nf5 Bxf5 18. Qxf5 g6 19. Qg4 h5 20. Qh4 Rad8 21. Be3 Rxd1+ 22. Rxd1 Rd8 23. Re1 Rd5 24. g3 Bxg5 0-1

[Event "IND-ch (Women)"]
[Site "Chennai"]
[Date "2009.12.11"]
[Round "10"]
[White "Priya Panneer, Ramachandran"]
[Black "Meenakshi, Subbaraman"]
[Result "1/2-1/2"]
[WhiteElo "2177"]
[BlackElo "2324"]
[PlyCount "185"]
[EventDate "2009.12.02"]
[EventType "swiss"]
[EventRounds "11"]
[EventCountry "IND"]
[SourceTitle "EXT 2011"]
[Source "ChessBase"]
[SourceDate "2010.11.26"]
[SourceVersion "1"]
[SourceVersionDate "2010.11.26"]
[SourceQuality "1"]

1. e4 e5 2. Nf3 Nc6 3. Bb5 a6 4. Bxc6 dxc6 5. 0-0 Be7 6. d4 exd4 7. Qxd4 Qxd4 8. Nxd4 Bd7 9. Nc3 0-0-0 10. Be3 Nf6 11. f3 Rhe8 12. Nb3 b6 13. Rad1 h6 14. Kh1 Bb4 15. Bd4 Be7 16. Bg1 g6 17. Nc1 Bf8 18. Nd3 c5 19. Nf4 Bg7 20. Rfe1 Nh7 21. Rd3 Nf8 22. b3 Ne6 23. Nce2 Nxf4 24. Nxf4 Bb5 25. c4 Rxd3 26. Nxd3 Bd7 27. g3 f5 28. Kg2 fxe4 29. Rxe4 Rxe4 30. fxe4 Bg4 31. h3 Bd1 32. Kf1 Bc3 33. Be3 g5 34. h4 gxh4 35. gxh4 h5 36. Nf4 Kd7 37. Bf2 a5 38. Bg3 c6 39. Kf2 Bd4+ 40. Ke1 Bf3 41. e5 Bxe5 42. Kd2 Bd4 43. Nd3 Kc8 44. Nf4 Bg4 45. Ng6 Kb7 46. Ne5 Bf5 47. Nf7 Bg6 48. Nd8+ Ka6 49. Nxc6 Bg7 50. Ne5 Be4 51. Kc3 Kb7 52. Kd2 Kc8 53. a3 Bf8 54. Kc3 Kd8 55. Nd3 Kd7 56. Ne5+ Ke6 57. Nd3 Kd7 58. Ne5+ Kd8 59. Nd3 Be7 60. Nf4 Bf3 61. Nd5 Bxd5 62. cxd5 b5 63. a4 Bf6+ 64. Kd3 bxa4 65. bxa4 Kd7 66. Kc4 Be7 67. Kb5 Bf8 68. Kxa5 c4 69. Be5 Be7 70. Kb5 Bxh4 71. Kxc4 Be1 72. Kd3 Kc8 73. Ke4 Kb7 74. Kf5 h4 75. Kg4 Kb6 76. Bd4+ Kc7 77. Bc5 Kd7 78. Kh3 Kc7 79. Be7 Kd7 80. Bc5 Kc7 81. Kg2 Kd7 82. Kh3 Kc7 83. Kg4 Kd7 84. Bf8 Kc7 85. Be7 Kd7 86. Bc5 Kc7 87. Kf5 h3 88. Ke6 Bg3 89. d6+ Bxd6 90. Bxd6+ Kb6 91. Kf5 Ka5 92. Kg4 Kxa4 93. Kxh3 1/2-1/2

[Event "IND-ch (Women)"]
[Site "Chennai"]
[Date "2009.12.10"]
[Round "9"]
[White "Bhakti, Kulkarni"]
[Black "Priya Panneer, Ramachandran"]
[Result "0-1"]
[WhiteElo "2263"]
[BlackElo "2177"]
[PlyCount "76"]
[EventDate "2009.12.02"]
[EventType "swiss"]
[EventRounds "11"]
[EventCountry "IND"]
[SourceTitle "EXT 2011"]
[Source "ChessBase"]
[SourceDate "2010.11.26"]
[SourceVersion "1"]
[SourceVersionDate "2010.11.26"]
[SourceQuality "1"]

1. d4 Nf6 2. Nf3 e6 3. e3 b6 4. Bd3 c5 5. c4 Bb7 6. Nc3 Be7 7. 0-0 Nc6 8. a3 cxd4 9. exd4 d5 10. Bg5 dxc4 11. Bxc4 0-0 12. b4 Rc8 13. Qd3 Qc7 14. Bxf6 Bxf6 15. Nb5 Qf4 16. Rac1 a6 17. g3 Nxb4 18. gxf4 Nxd3 19. Bxd3 Bxf3 20. Nc7 a5 21. f5 exf5 22. Bxf5 Rcd8 23. d5 Be5 24. Bb1 Bxc7 25. Rxc7 Rxd5 26. Rfc1 Rfd8 27. h4 g6 28. Kh2 Rd1 29. R1c3 Bd5 30. Bd3 Rh1+ 31. Kg3 Be6 32. Bb5 Rh3+ 33. Kg2 Rxh4 34. Rb7 Bd5+ 35. Kg3 Bxb7 36. Kxh4 Rc8 37. Rb3 Bd5 38. Rb2 Bc4 0-1

[Event "IND-ch (Women)"]
[Site "Chennai"]
[Date "2009.12.08"]
[Round "7"]
[White "Gomes, Mary Ann"]
[Black "Priya Panneer, Ramachandran"]
[Result "0-1"]
[WhiteElo "2384"]
[BlackElo "2177"]
[PlyCount "112"]
[EventDate "2009.12.02"]
[EventType "swiss"]
[EventRounds "11"]
[EventCountry "IND"]
[SourceTitle "EXT 2011"]
[Source "ChessBase"]
[SourceDate "2010.11.26"]
[SourceVersion "1"]
[SourceVersionDate "2010.11.26"]
[SourceQuality "1"]

1. g3 Nf6 2. Bg2 d5 3. d3 c6 4. Nd2 e5 5. h3 Bf5 6. e4 dxe4 7. dxe4 Bg6 8. Qe2 Bc5 9. Nb3 Bb6 10. Be3 0-0 11. g4 Qd6 12. Bxb6 axb6 13. Qe3 Rd8 14. Ne2 Rxa2 15. 0-0 Rxa1 16. Rxa1 c5 17. Nc3 c4 18. Nc1 Na6 19. N1a2 h6 20. Qe2 Qc6 21. Re1 Kh8 22. Kh1 b5 23. f3 b4 24. Nd5 Nxd5 25. exd5 Qc7 26. Rd1 Bxc2 27. Qxc2 b3 28. Qc3 bxa2 29. f4 exf4 30. Ra1 Qc5 31. Rxa2 Nb4 32. Ra4 Nxd5 33. Rxc4 Qe3 34. Qxe3 Nxe3 35. Rc1 b5 36. Be4 g6 37. Kg1 Rd2 38. b4 Rd4 39. Rc8+ Kg7 40. Bc6 Rxb4 41. Rb8 Rb1+ 42. Kf2 b4 43. Be4 Rb2+ 44. Kf3 g5 45. h4 Nc4 46. hxg5 Nd2+ 47. Kxf4 hxg5+ 48. Ke5 Nxe4 49. Kxe4 Rf2 50. Ke5 Rf4 51. Rb7 Kg6 52. Rb8 f6+ 53. Ke6 Re4+ 54. Kd5 Rxg4 55. Ke6 Re4+ 56. Kd5 Kf5 0-1

[Event "IND-ch (Women)"]
[Site "Chennai"]
[Date "2009.12.07"]
[Round "6"]
[White "Priya Panneer, Ramachandran"]
[Black "Mohanty, Kiran Monisha"]
[Result "0-1"]
[WhiteElo "2177"]
[BlackElo "2150"]
[PlyCount "100"]
[EventDate "2009.12.02"]
[EventType "swiss"]
[EventRounds "11"]
[EventCountry "IND"]
[SourceTitle "EXT 2011"]
[Source "ChessBase"]
[SourceDate "2010.11.26"]
[SourceVersion "1"]
[SourceVersionDate "2010.11.26"]
[SourceQuality "1"]

1. e4 c5 2. Nf3 d6 3. d4 cxd4 4. Nxd4 Nf6 5. Nc3 a6 6. Be2 e5 7. Nb3 Be7 8. Be3 Be6 9. Nd5 Nbd7 10. Qd3 0-0 11. 0-0 Bxd5 12. exd5 Rc8 13. c4 a5 14. Nd2 b6 15. b3 Nc5 16. Bxc5 bxc5 17. Rab1 Rb8 18. Kh1 g6 19. Ne4 Nd7 20. Nc3 f5 21. f3 Bg5 22. Nb5 Qb6 23. a3 Rbe8 24. b4 axb4 25. axb4 cxb4 26. Rxb4 e4 27. Qd4 Nc5 28. f4 Bf6 29. Qe3 Ra8 30. Rfb1 Rfb8 31. g4 fxg4 32. Nc3 Qd8 33. Nxe4 Rxb4 34. Rxb4 Qe7 35. Nxf6+ Qxf6 36. Bxg4 g5 37. Rb1 gxf4 38. Qe2 Rf8 39. Be6+ Kh8 40. Qb2 Qxb2 41. Rxb2 Kg7 42. Ra2 Kf6 43. Kg2 Ke5 44. Kf3 Kd4 45. Ra7 Nd3 46. Rxh7 Ne5+ 47. Kf2 Rb8 48. h4 Rb2+ 49. Kg1 Nf3+ 50. Kf1 Ke3 0-1

[Event "IND-ch (Women)"]
[Site "Chennai"]
[Date "2009.12.06"]
[Round "5"]
[White "Pon, Namasivayam Krithik"]
[Black "Priya Panneer, Ramachandran"]
[Result "0-1"]
[WhiteElo "2196"]
[BlackElo "2177"]
[PlyCount "130"]
[EventDate "2009.12.02"]
[EventType "swiss"]
[EventRounds "11"]
[EventCountry "IND"]
[SourceTitle "EXT 2011"]
[Source "ChessBase"]
[SourceDate "2010.11.26"]
[SourceVersion "1"]
[SourceVersionDate "2010.11.26"]
[SourceQuality "1"]

1. e4 e5 2. Nf3 Nf6 3. Nxe5 d6 4. Nf3 Nxe4 5. d4 d5 6. Bd3 Nc6 7. 0-0 Be7 8. h3 Nb4 9. Bxe4 dxe4 10. Ne5 0-0 11. Re1 f5 12. c3 Nd5 13. Qb3 Kh8 14. c4 Nf6 15. Be3 Nh5 16. Nc3 c6 17. Rad1 Bd6 18. f4 exf3 19. Nxf3 Qf6 20. c5 Bg3 21. Bf2 f4 22. Ne4 Qf5 23. Nd6 Bxf2+ 24. Kxf2 Qf6 25. Re5 Ng3 26. Rde1 h6 27. Re8 Bd7 28. Rxa8 Rxa8 29. Qxb7 Rd8 30. Ne5 Kh7 31. Nf3 Qg6 32. Qb3 Nf5 33. Ne4 Ne3 34. Rxe3 fxe3+ 35. Kxe3 Qxg2 36. Qf7 Qg6 37. Qxg6+ Kxg6 38. Ne5+ Kh5 39. Nxd7 Rxd7 40. b4 Rb7 41. a3 g5 42. Nd6 Re7+ 43. Kf2 Kg6 44. b5 cxb5 45. Nxb5 a6 46. Nc3 Kf5 47. d5 Ke5 48. Ke3 Rg7 49. c6 h5 50. Kd3 g4 51. hxg4 hxg4 52. Kc4 g3 53. Kc5 g2 54. Ne2 g1Q+ 55. Nxg1 Rxg1 56. c7 Rc1+ 57. Kb6 Kd6 58. a4 Rxc7 59. Kxa6 Kxd5 60. Kb6 Rc1 61. a5 Rb1+ 62. Kc7 Ra1 63. Kb6 Kd6 64. a6 Rb1+ 65. Ka7 Kc6 0-1

[Event "Kuala Lumpur op 5th"]
[Site "Kuala Lumpur"]
[Date "2008.08.23"]
[Round "9"]
[White "Priya Panneer, Ramachandran"]
[Black "Zhang, Xiaowen"]
[Result "1/2-1/2"]
[WhiteElo "2190"]
[BlackElo "2382"]
[PlyCount "93"]
[EventDate "2008.08.18"]
[EventType "swiss"]
[EventRounds "11"]
[EventCountry "MAS"]
[SourceTitle "CBM 126 Extra"]
[Source "ChessBase"]
[SourceDate "2008.11.05"]
[SourceVersion "1"]
[SourceVersionDate "2008.11.05"]
[SourceQuality "1"]

1. e4 e6 2. d4 d5 3. e5 c5 4. c3 Nc6 5. Nf3 Bd7 6. a3 c4 7. g3 Na5 8. Nbd2 Bc6 9. h4 h6 10. h5 Qd7 11. Bh3 Ba4 12. Qe2 Bc2 13. Nh2 Bh7 14. Ng4 0-0-0 15. Ne3 Kb8 16. Qd1 Bd3 17. b4 cxb3 18. Nxb3 Nxb3 19. Qxb3 Rc8 20. a4 Ne7 21. a5 Qb5 22. Qxb5 Bxb5 23. Kd2 Nc6 24. Ba3 a6 25. Bxf8 Rhxf8 26. f4 Rfd8 27. f5 Nxe5 28. dxe5 d4 29. Nc2 dxc3+ 30. Kc1 exf5 31. Bxf5 Rc5 32. Rd1 Rxd1+ 33. Kxd1 Rxe5 34. g4 g6 35. hxg6 fxg6 36. Bxg6 Be2+ 37. Kc1 Bxg4 38. Ra3 Bf5 39. Bf7 h5 40. Rxc3 h4 41. Ne3 Rxa5 42. Bd5 h3 43. Bxb7 Kxb7 44. Nxf5 h2 45. Ng3 Rg5 46. Rc2 Rxg3 47. Rxh2 1/2-1/2

[Event "IND-ch (Women)"]
[Site "Pune"]
[Date "2007.11.11"]
[Round "7"]
[White "Priya Panneer, Ramachandran"]
[Black "Karavade, Eesha"]
[Result "1-0"]
[WhiteElo "2129"]
[BlackElo "2331"]
[PlyCount "297"]
[EventDate "2007.11.06"]
[EventType "swiss"]
[EventRounds "11"]
[EventCountry "IND"]
[SourceTitle "EXT 2008"]
[Source "ChessBase"]
[SourceDate "2007.11.25"]
[SourceVersion "1"]
[SourceVersionDate "2007.11.25"]
[SourceQuality "1"]

1. e4 c5 2. Nc3 d6 3. Nf3 Nf6 4. d4 cxd4 5. Nxd4 a6 6. Be2 e5 7. Nb3 Be7 8. Be3 Be6 9. Nd5 Nxd5 10. exd5 Bf5 11. Qd2 Nd7 12. Na5 Qc7 13. 0-0 0-0 14. c4 Bf6 15. Rac1 b6 16. Nc6 a5 17. f4 exf4 18. Bxf4 Bg6 19. Bd3 Nc5 20. Bxg6 hxg6 21. Rce1 Rfe8 22. Re3 Qd7 23. Rfe1 Bh4 24. Rxe8+ Rxe8 25. Rxe8+ Qxe8 26. Qe3 Qxe3+ 27. Bxe3 a4 28. Bf4 Ne4 29. b3 axb3 30. axb3 Kf8 31. b4 Bf2+ 32. Kf1 Ke8 33. g4 Kd7 34. Kg2 Bh4 35. Be3 Kc7 36. Kf3 Ng5+ 37. Ke2 Ne4 38. Nd4 Bd8 39. Kd3 Nf6 40. h3 Nh7 41. Bf4 Kd7 42. Nb5 Be7 43. Be3 Bd8 44. h4 Nf6 45. g5 Nh5 46. Nd4 Bc7 47. Bf2 Bd8 48. Nc6 Bc7 49. Ke4 Ke8 50. Kf3 Kd7 51. Bd4 Ke8 52. Bg1 Kd7 53. Bh2 f6 54. Nd4 Bd8 55. Ne6 Be7 56. Bg1 b5 57. cxb5 Kc8 58. Nd4 fxg5 59. Nc6 Bf6 60. hxg5 Bxg5 61. Ba7 Nf6 62. b6 Nxd5 63. Na5 Nxb6 64. Bxb6 Bd2 65. b5 d5 66. Nb3 Kb7 67. Bd8 Bc3 68. Ke3 Kc8 69. Ba5 Be5 70. Nd4 g5 71. Nf3 Bf6 72. Nh2 Kb7 73. Ng4 Ba1 74. Bd8 Bb2 75. Kd3 Ba1 76. Ne3 Be5 77. Nxd5 g4 78. Ke4 Bd6 79. Bg5 g6 80. Bf4 Bc5 81. Bg3 Kc8 82. Nf6 Kb7 83. Kd5 Be7 84. Nxg4 Kb6 85. Kc4 Kb7 86. Nf2 Bg5 87. Ne4 Bd8 88. Nc5+ Kb6 89. Bd6 g5 90. Ne6 Bf6 91. Bc7+ Kb7 92. Bd8 Be5 93. Bxg5 Bg3 94. Be3 Be5 95. Kc5 Bb8 96. Nd8+ Kc8 97. Nc6 Bc7 98. Bd4 Kb7 99. Kb4 Bd6+ 100. Bc5 Bc7 101. Na5+ Kc8 102. b6 Bxb6 103. Bxb6 Kd7 104. Bd4 Ke6 105. Kc5 Kf5 106. Kd5 Kf4 107. Nc4 Kf3 108. Ke5 Kg4 109. Be3 Kf3 110. Kf5 Kg3 111. Ke4 Kg4 112. Bf4 Kh3 113. Ne3 Kh4 114. Kf5 Kh3 115. Bd6 Kh4 116. Be5 Kh3 117. Kf4 Kh4 118. Ng4 Kh3 119. Kf3 Kh4 120. Bf6+ Kh3 121. Ne3 Kh2 122. Nf1+ Kh3 123. Ng3 Kh2 124. Ne2 Kh1 125. Kf2 Kh2 126. Nf4 Kh1 127. Kg3 Kg1 128. Bc3 Kh1 129. Nd3 Kg1 130. Nf2 Kf1 131. Kf3 Kg1 132. Be5 Kf1 133. Bh2 Ke1 134. Ne4 Kd1 135. Ke3 Kc2 136. Nd2 Kc3 137. Bd6 Kc2 138. Be5 Kd1 139. Kd3 Ke1 140. Bg3+ Kd1 141. Nc4 Kc1 142. Bf2 Kb1 143. Kc3 Kc1 144. Nb2 Kb1 145. Kb3 Kc1 146. Be3+ Kb1 147. Nc4 Ka1 148. Bf4 Kb1 149. Na3+ 1-0

[Event "IND-ch (Women)"]
[Site "Pune"]
[Date "2007.11.06"]
[Round "1"]
[White "Harika, Dronavalli"]
[Black "Priya Panneer, Ramachandran"]
[Result "1-0"]
[WhiteElo "2480"]
[BlackElo "2129"]
[PlyCount "85"]
[EventDate "2007.11.06"]
[EventType "swiss"]
[EventRounds "11"]
[EventCountry "IND"]
[SourceTitle "EXT 2008"]
[Source "ChessBase"]
[SourceDate "2007.11.25"]
[SourceVersion "1"]
[SourceVersionDate "2007.11.25"]
[SourceQuality "1"]

1. Nf3 Nf6 2. c4 Nc6 3. d4 e6 4. Nc3 Bb4 5. Qc2 d6 6. Bg5 h6 7. Bd2 0-0 8. a3 Bxc3 9. Bxc3 a5 10. e3 Re8 11. 0-0-0 Qe7 12. h3 e5 13. dxe5 Nxe5 14. Be2 Bd7 15. Nxe5 dxe5 16. g4 Bc6 17. f3 Nd7 18. h4 Nc5 19. b3 e4 20. f4 Nd3+ 21. Kb1 Qxa3 22. Bb2 Qb4 23. Bc3 Qa3 24. Bb2 Qb4 25. g5 a4 26. gxh6 Nxb2 27. Qxb2 Qxb3 28. Rdg1 Qxb2+ 29. Kxb2 g6 30. h5 Kh7 31. hxg6+ fxg6 32. f5 Rg8 33. Bg4 Be8 34. Rd1 gxf5 35. Bxf5+ Bg6 36. Rd7+ Kh8 37. h7 Bxf5 38. hxg8Q+ Kxg8 39. Rxc7 a3+ 40. Ka2 Be6 41. Rb1 Ra4 42. Rbxb7 Bxc4+ 43. Ka1 1-0

[Event "Wch U20 Girls 25th"]
[Site "Yerevan"]
[Date "2007.10.15"]
[Round "12"]
[White "Priya Panneer, Ramachandran"]
[Black "Nebolsina, Vera"]
[Result "0-1"]
[WhiteElo "2129"]
[BlackElo "2349"]
[PlyCount "87"]
[EventDate "2007.10.03"]
[EventType "swiss"]
[EventRounds "13"]
[EventCountry "ARM"]
[SourceTitle "CBM 120 Extra"]
[Source "ChessBase"]
[SourceDate "2007.11.01"]
[SourceVersion "1"]
[SourceVersionDate "2007.11.01"]
[SourceQuality "1"]

1. e4 c5 2. Nf3 Nc6 3. Nc3 d6 4. d4 cxd4 5. Nxd4 e5 6. Nxc6 bxc6 7. Bc4 Nf6 8. Bg5 Be7 9. Qd3 h6 10. Bh4 g5 11. Bg3 Qb6 12. 0-0 h5 13. h4 g4 14. Kh1 Qd4 15. Qe2 Be6 16. Bxe6 fxe6 17. Rad1 Qc5 18. f4 gxf3 19. Rxf3 Ng4 20. b4 Qb6 21. b5 a6 22. Qc4 Kd7 23. Rxd6+ Bxd6 24. Rf7+ Be7 25. bxc6+ Ke8 26. Qxe6 Ra7 27. Rf1 Rf8 28. Qg6+ Kd8 29. Rd1+ Kc8 30. Qe6+ Kb8 31. Nd5 Qc5 32. c7+ Rxc7 33. Nxc7 Qxc7 34. Qxa6 Qb7 35. Qe6 Qb5 36. c4 Qc5 37. Qd7 Qxc4 38. Rb1+ Bb4 39. Qd6+ Kc8 40. Qd1 Ba3 41. Qg1 Rf6 42. Rd1 Qe2 43. Re1 Qd3 44. Re3 0-1

[Event "IND-ch (Women) 33rd"]
[Site "Chennai"]
[Date "2006.12.13"]
[Round "8"]
[White "Ramya, Krishna Inapuri"]
[Black "Priya Panneer, Ramachandran"]
[Result "1-0"]
[WhiteElo "2175"]
[BlackElo "2128"]
[PlyCount "69"]
[EventDate "2006.12.07"]
[EventType "swiss"]
[EventRounds "11"]
[EventCountry "IND"]
[SourceTitle "EXT 2010"]
[Source "ChessBase"]
[SourceDate "2010.11.25"]
[SourceVersion "1"]
[SourceVersionDate "2010.11.25"]
[SourceQuality "1"]

1. d4 Nf6 2. Nf3 e6 3. Bg5 h6 4. Bh4 c5 5. e3 b6 6. c4 Bb7 7. Nc3 Be7 8. Bd3 d6 9. 0-0 0-0 10. Rc1 Nbd7 11. Qe2 Rc8 12. Rfd1 a6 13. dxc5 bxc5 14. Bb1 Qb6 15. b3 Rfd8 16. Nd2 d5 17. cxd5 exd5 18. Bf5 Bc6 19. e4 dxe4 20. Ndxe4 Rc7 21. Bxd7 Bxe4 22. Bxf6 Rdxd7 23. Rxd7 Rxd7 24. Nxe4 Qe6 25. Bc3 Bg5 26. Re1 Re7 27. Qf1 Qc6 28. Nxg5 Rxe1 29. Qxe1 hxg5 30. Qe3 Qd5 31. h3 f6 32. Qf3 Qe6 33. Bd2 c4 34. bxc4 Qxc4 35. Qb3 1-0

[Event "IND-ch (Women) 33rd"]
[Site "Chennai"]
[Date "2006.12.12"]
[Round "7"]
[White "Priya Panneer, Ramachandran"]
[Black "Preethi, Rajkumar"]
[Result "1-0"]
[WhiteElo "2128"]
[BlackElo "2060"]
[PlyCount "67"]
[EventDate "2006.12.07"]
[EventType "swiss"]
[EventRounds "11"]
[EventCountry "IND"]
[SourceTitle "EXT 2010"]
[Source "ChessBase"]
[SourceDate "2010.11.25"]
[SourceVersion "1"]
[SourceVersionDate "2010.11.25"]
[SourceQuality "1"]

1. e4 c5 2. c3 Nf6 3. e5 Nd5 4. g3 d6 5. exd6 Qxd6 6. Bg2 Nc6 7. Ne2 Bf5 8. d4 e6 9. Na3 Qd7 10. Nc4 Bg4 11. dxc5 Bxc5 12. h3 Bh5 13. Ne3 Ne5 14. Nxd5 exd5 15. g4 Bg6 16. Nf4 0-0-0 17. Nxg6 fxg6 18. 0-0 Qf7 19. b4 Bb6 20. a4 d4 21. a5 dxc3 22. Qe2 Bd4 23. a6 Rhf8 24. Bxb7+ Kb8 25. Ra5 Nc4 26. Rb5 Bb6 27. Bg2 Rfe8 28. Qc2 Nd2 29. Bxd2 cxd2 30. Qc6 Qe7 31. Rxb6+ axb6 32. Qxb6+ Kc8 33. Bb7+ Kb8 34. a7# 1-0